Flores robadas en los jardines de quilmes : canguros 1 /

Guardado en:
Autor Principal: Asís, Jorge
Formato: Libro
Publicado: Buenos Aires : Losada, 1982
Edición:10a. ed.
Series:Novelistas de Nuestra Epoca
Materias:
Etiquetas: Agregar Etiqueta
Sin Etiquetas, Sea el primero en etiquetar este registro!
LEADER 00667nam a22002295a 4500
001 CEM.cems000748
005 20110304104312.0
008 130507s1982##################000#0#####d
003 CEMS
020 |a 9500340674 
082 0 4 |a A863.4 
100 1 |a Asís, Jorge 
245 1 0 |a Flores robadas en los jardines de quilmes :  |b canguros 1 /  |c Jorge Asís 
250 |a 10a. ed. 
260 |a Buenos Aires :  |b Losada,  |c 1982 
300 |a 288 p. 
490 0 |a Novelistas de Nuestra Epoca 
653 |a Literatura 
653 |a Literatura argentina 
653 |a Novelas 
653 |a Novela argentina-siglo 20 
859 |a CEMS  |b BIB. CEMS - 11 de abril  |h A863.4  |i As11-2a10  |p 16360.91  |t Ej.1